| 000 | 00772cab a2200253 4500 | ||
|---|---|---|---|
| 001 | WB2649-44 | ||
| 008 | 090401t1990 xxu||||| |||| 00| 0 eng d | ||
| 035 | _a(Sirsi) u46024 | ||
| 041 | _aeng | ||
| 245 | _aNew hope for unemployed | ||
| 260 | _c1990 | ||
| 350 | _a0 | ||
| 490 |
_aEstates Gazette _vno 9049, 8/12/90 p3 |
||
| 520 | _aIn order to help surveyors who are unable to find permanent jobs, Reuter Simkin are offering to place candidates in jobs on a temporary or contract basis. | ||
| 650 | _aABOUT RICS-RICS MEMBERS | ||
| 650 | _aEMPLOYMENT | ||
| 650 | _aRECESSION | ||
| 650 | _aREDUNDANCY | ||
| 650 | _aSLUMP | ||
| 650 | _aTEMPORARY STAFF | ||
| 690 | _aMANAGEMENT-BUSINESS MANAGEMENT-PROFESSIONAL PRACTICE | ||
| 942 | _n0 | ||
| 948 | _c04/03/1997 | ||
| 999 |
_c29118 _d29118 |
||